000 00422 a2200109 4500
001 ART_18411
005 20260410161701.0
008 260409a
245 1 0 _aSolicitud de devolución de la percepción sufrida sobre los gastos con tarjeta en moneda extranjera, cuando no puede computarse como pago a cuenta
100 1 _aFerraro, Ricardo H.
773 0 _tRevista Impuestos
_g- Nº 2 (feb. 2013)
_wREV639
999 _c15221
_d15221